Cuestiones generales de didáctica y organización escolar: curso celebrado del 3 de febrero al 21 de marzo de 1959
Saved in:
| 企業作者: | |
|---|---|
| 格式: | 圖書 |
| 語言: | 西班牙语 |
| 出版: |
Madrid
Centro de Documentación y Orientación Didáctica de Enseñanza Primaria
1966
|
| 主題: | |
| 標簽: |
添加標簽
沒有標簽, 成為第一個標記此記錄!
|
MARC
| LEADER | 00000nam a2200000 a 4500 | ||
|---|---|---|---|
| 001 | UCU1076 | ||
| 003 | CL-VaPUC | ||
| 008 | 960329e19660000SP |||||||||||||||||spa|d | ||
| 082 | 0 | 4 | |a 370.1 |b MIN |2 21 |
| 110 | 2 | |a Ministerio de Educación y Ciencia |e author |9 356680 | |
| 245 | 1 | 0 | |a Cuestiones generales de didáctica y organización escolar: curso celebrado del 3 de febrero al 21 de marzo de 1959 |
| 300 | |a 268 p | ||
| 942 | |c BK | ||
| 945 | |d 19960329 00:00:00 |a lriquelm | ||
| 260 | |a Madrid |b Centro de Documentación y Orientación Didáctica de Enseñanza Primaria |c 1966 | ||
| 650 | 0 | |a Teoría de la educación |9 309368 | |
| 650 | 0 | |a Investigación educacional |9 261192 | |
| 650 | 0 | |a Motivación |9 315362 | |
| 650 | 0 | |a Aprendizaje |9 254827 | |
| 650 | 7 | |a DISCIPLINA |2 CL-VaPUC |9 308401 | |
| 650 | 0 | |a Planificación y administración |9 335636 | |
| 583 | |a last modification |c 20160929 09:43:24 |k Rodrigo Vera | ||
| 999 | |c 245833 |d 245831 | ||
| 952 | |0 0 |1 0 |4 0 |6 370_100000000000000_MIN_1966 |7 0 |8 P |9 260439 |a BIBEDU |b BIBEDU |c BIBEDU_PB |d 2019-11-19 |i 2008521 |o 370.1 MIN 1966 |p 2008521 |r 2024-01-25 |w 2019-11-19 |y BK |k EDU | ||